El daño no patrimonial por muerte o lesión del animal de compañía/ (Registro nro. 322760)

Detalles MARC
000 -ENCABEZADO
Número de control [NR] 00884nam a22002177a 4500
005 - FECHA Y HORA DE LA ÚLTIMA TRANSACCIÓN
control field 20230606132304.0
008 - DE LONGITUD FIJA DE DATOS DE ELEMENTOS - INFORMACIÓN GENERAL
Elementos de longitud fija [NR] 230606b ||||| |||| 00| 0 eng d
020 ## - NUMERO INTERNACIONAL NORMALIZADO PARA LIBROS [R]
Número Internacional Normalizado del libro [NR] 9789583520174
040 ## - FUENTE DE CATALOGACION [NR]
Agencia de catalogación original [NR] Co-BoUCM
Idioma de catalogación [NR] spa
Quien Cataloga David Moreno
Quien Clasifica David Moreno
041 00 - CODIGO DE IDIOMA [R]
Código de idioma para texto/pista de sonido o título separado [R] Español
100 1# - ASIENTO PRINCIPAL--NOMBRE PERSONAL [NR]
Nombre personal [NR] Angel Rangel, Martin J.
ID Autoridad 159964
245 13 - MENCION DE TITULO [NR]
Título [NR] El daño no patrimonial por muerte o lesión del animal de compañía/
Mención de responsabilidad, etc. [NR] Martin J. Angel Rangel
260 ## - PUBLICACION, DISTRIBUCION, ETC. (PIE DE IMPRENTA) [R]
Lugar de publicación, distribución, etc. [R] Bogotá (Colombia)
Nombre del editor, distribuidor, etc. [R] Temis
Fecha de publicación, distribución, etc. [R] 2023
300 ## - DESCRIPCION FISICA [R]
Extensión [R] 142 páginas
650 1# - ASIENTO SECUNDARIO DE MATERIA - TERMINO TEMATICO [R]
Término temático o nombre geográfico como elemento de entrada [NR] Derecho civil
9 (RLIN) 31267
Subdivisión general [R] Indemnización judicia
Subdivisión geográfica [R] Colombia
650 1# - ASIENTO SECUNDARIO DE MATERIA - TERMINO TEMATICO [R]
Término temático o nombre geográfico como elemento de entrada [NR] Responsabilidad civil
9 (RLIN) 34620
Subdivisión de forma [R] Filosofía del derecho
Subdivisión geográfica [R] Colombia
650 1# - ASIENTO SECUNDARIO DE MATERIA - TERMINO TEMATICO [R]
Término temático o nombre geográfico como elemento de entrada [NR] Daños
Subdivisión general [R] Aspectos jurídicos
Subdivisión geográfica [R] Colombia
9 (RLIN) 12460
650 1# - ASIENTO SECUNDARIO DE MATERIA - TERMINO TEMATICO [R]
Término temático o nombre geográfico como elemento de entrada [NR] Daños y perjuicios
9 (RLIN) 12465
Subdivisión de forma [R] Derecho natural
Subdivisión general [R] Animales de compañía
942 ## - ELEMENTOS DE ENTRADA AGREGADOS (KOHA)
Tipo de ítem principal el descrito en 300a Libro
Tema principal Derecho
Edición 1
Parte restante de la signatura top. M386
Sistema de clasificación DEWEY
Clasificación 346.03
Título oculto en OPAC No
Existencias
Fecha de último préstamo Total préstamos Signatura topográfica Código de barras Última vez visto Ejemplar Price effective from Tipo de ítem Perdido Sistema de clasificación Dañado No prestable Tipo de ítem específico Suprimido Ubicación habitual Ubicación actual Localización Fecha de creación Forma de adquisición
07/12/2024 1 346.03 M386 100171276 12/06/2026 Ej.1 06/06/2023 Libro   DEWEY     Libro   Claustro Claustro 3er piso 06/06/2023 Donación